| 000 | 00462nam a22001697a 4500 | ||
|---|---|---|---|
| 003 | NUST - PNEC | ||
| 005 | 20170116180947.0 | ||
| 008 | 150906b xxu||||| |||| 00| 0 eng d | ||
| 020 | _a8176564370 | ||
| 040 | _cLIBRARY | ||
| 082 | _a621.3815 CAR | ||
| 100 |
_98547 _aCarr, Joseph J. |
||
| 245 |
_aElectronic circuit guidebook Vol 5 : digital electronics _cJoseph K. Carr |
||
| 260 | _cc.2001 | ||
| 650 |
_98543 _aElectronic Engineering _xEE |
||
| 942 |
_2ddc _cBK |
||
| 999 |
_c66311 _d66311 |
||